000 00932nam a2200253Ia 4500
003 GCL
008 140319s9999 xx 000 0 ara d
020 _a6405215977
040 _aGCL /
_cGCL
082 0 4 _a780.9
_bز ا
100 1 _aزين نصار
245 1 0 _aافاق الموسيقا /
_cزين نصار
250 _aالاولى
260 _aالقاهرة :
_bدار غريب للطباعة والنشر والتوزيع ،
_c1999
300 _a139 ص ؛
_c14 سم
650 0 4 _aالالات الموسيقية
650 0 4 _aالموسيقى الغربية
650 0 4 _aالفرق الموسيقية
650 0 4 _aالصوتيات (موسيقى)
650 0 4 _aالموسيقى - تاريخ ونقد - عصر الباروك
650 0 4 _aالموسيقى - تاريخ و نقد - العصر الكلاسيكى
650 0 4 _aالموسيقى - تاريخ و نقد - عصر النهضة
942 _2ddc
_cBK
999 _c56899
_d56899